#QCCGame: All Ticket To Ride Train Routes On A Map - Statistics

General Stats
  • This quiz has been taken 55 times
  • The average score is 52 of 74
Answers on the Map
Answers color-coded by a green-red scale on the quiz's map according to % correct below.
 
Answer Stats
Route % Correct
Los Angeles-San Francisco
81%
Seattle-Vancouver
81%
Boston-New York
79%
Chicago-Saint Louis
79%
Portland-Seattle
79%
Atlanta-Miami
77%
Calgary-Seattle
77%
Calgary-Vancouver
77%
El Paso-Houston
77%
Houston-New Orleans
77%
Las Vegas-Los Angeles
77%
Las Vegas-Salt Lake City
77%
Los Angeles-Phoenix
77%
Miami-New Orleans
77%
New York-Washington
77%
Portland-Salt Lake City
77%
Portland-San Francisco
77%
Salt Lake City-San Francisco
77%
Atlanta-New Orleans
74%
Boston-Montreal
74%
Chicago-Toronto
74%
Dallas-El Paso
74%
Dallas-Houston
74%
Dallas-Oklahoma City
74%
Denver-Salt Lake City
74%
El Paso-Oklahoma City
74%
Kansas City-Oklahoma City
74%
Montreal-New York
74%
Denver-Kansas City
72%
Denver-Phoenix
72%
El Paso-Los Angeles
72%
Helena-Seattle
72%
Kansas City-Saint Louis
72%
Little Rock-New Orleans
72%
Little Rock-Oklahoma City
72%
Montreal-Toronto
72%
Pittsburgh-Saint Louis
72%
Atlanta-Nashville
70%
Calgary-Helena
70%
Calgary-Winnipeg
70%
Chicago-Pittsburgh
70%
Dallas-Little Rock
70%
El Paso-Santa Fe
70%
Little Rock-Saint Louis
70%
Nashville-Saint Louis
70%
New York-Pittsburgh
70%
Raleigh-Washington
70%
Denver-Helena
67%
Denver-Omaha
67%
Denver-Santa Fe
67%
Helena-Winnipeg
67%
Kansas City-Omaha
67%
Little Rock-Nashville
67%
Nashville-Pittsburgh
67%
Nashville-Raleigh
67%
Oklahoma City-Santa Fe
67%
Phoenix-Santa Fe
67%
Pittsburgh-Toronto
67%
Pittsburgh-Washington
67%
Atlanta-Charleston
65%
Charleston-Miami
65%
Charleston-Raleigh
65%
Chicago-Omaha
65%
Helena-Omaha
65%
Helena-Salt Lake City
65%
Duluth-Winnipeg
60%
Chicago-Duluth
58%
Duluth-Helena
58%
Duluth-Toronto
58%
Duluth-Omaha
56%
Saul St. Marie-Winnipeg
56%
Sault St. Marie-Toronto
56%
Sault St. Marie-Toronto
56%
Duluth-Saul St. Marie
53%
No matching quizzes found
Score Distribution
Percent of People with Each Score
Percentile by Number Answered
Your Score History
You have not taken this quiz